| 000 | 00784nam a2200205Ia 4500 | ||
|---|---|---|---|
| 005 | 20241129111311.0 | ||
| 008 | 241129s9999||||xx |||||||||||||| ||und|| | ||
| 037 | _aTB | ||
| 040 |
_aCRL _bpun _cCRL |
||
| 041 |
_apun _2pun |
||
| 084 |
_aNR4443 153R0 _qCRL |
||
| 100 | _aਕੰਵਲ, ਬਲਬੀਰ ਸਿੰਘ,ਚ। | ||
| 245 | 0 |
_aਪੰਜਾਬ ਦੀਆਂ ਪ੍ਰਸਿੱਧ ਬਾਈਆਂ ਅਤੇ ਸਾਜ਼ਿੰਦੇ _cਕੰਵਲ, ਬਲਬੀਰ ਸਿੰਘ, ਚ। |
|
| 260 |
_aਅੰਮ੍ਰਿਤਸਰ, ਭਾਰਤ _bਅੰਮ੍ਰਿਤਸਰ ਸਿੰਘ ਬ੍ਰਦਰਜ਼ _c2020 |
||
| 300 | _a326ਪ੍ਰ0 | ||
| 365 |
_aINR _b550 |
||
| 650 |
_aFine ArtsMusic _9726288 |
||
| 942 |
_cTB _hNR4443 153R0 |
||
| 999 |
_c1229819 _d1229819 |
||